| 000 | 02072cam a22004694i 4500 | ||
|---|---|---|---|
| 003 | PE-LiUPU | ||
| 005 | 20250731173134.0 | ||
| 008 | 150623s1989 flua r 000 0 spa d | ||
| 020 | _a0789903342 | ||
| 035 | _a(Sirsi) i9780789903341 | ||
| 040 |
_aPE-LiUPU _bspa _cPE-LiUPU _erda |
||
| 049 | _aPRUA | ||
| 082 | 0 | 4 |
_a239 _bG341997 _221 |
| 100 | 1 |
_aGeisler, Norman, _eautor. |
|
| 245 | 1 | 0 |
_aApologética : _bherramientas valiosas para la defensa de la fe / _cNorman Geisler. |
| 250 | _aSegunda edición. | ||
| 264 | 1 |
_aMiami, FL : _bEditorial Unilit, _c1989. |
|
| 300 |
_a484 páginas : _bilustraciones ; _c21 centímetros |
||
| 336 |
_atext _2rdacontent |
||
| 337 |
_aunmediated _2rdamedia |
||
| 338 |
_avolume _2rdacarrier |
||
| 500 | _aUn análisis profundo de los planteamientos más perspicaces de reconocidos escépticos, y una respuesta bíblica concluyente. | ||
| 505 | 0 | _aLa necesidad de responder a todos -- Preguntas acerca de Dios -- Preguntas acerca del mal. Preguntas acerca de los milagros -- Preguntas acerca de Jesucristo -- Preguntas sobre la Biblia -- Preguntas acerca de las dificultades dela Biblia -- Preguntas acerca de arqueología -- Preguntas acerca de la evolución -- Preguntas acerca de la vida después de la muerte -- Preguntas en cuanto a la verdad -- Preguntas en cuanto a moral.. | |
| 526 | _aSEG42 | ||
| 526 | _aSEG41 | ||
| 526 | _aSEG40 | ||
| 526 | _aSEG39 | ||
| 526 | _aP94 | ||
| 526 | _aP87 | ||
| 526 | _aP86 | ||
| 526 | _aP85 | ||
| 526 | _aP77 | ||
| 526 | _aP76 | ||
| 526 | _aP35 | ||
| 650 | 1 | 4 |
_aApologética. _92321 |
| 942 |
_2ddc _cBOOK |
||
| 949 |
_a239 G34 1997 _wDEWEY _c1 _i53050 _lCCODEBUL1 _mBUL _p13.00 _r0 _sY _tBOOK _u2015-6-24 _xTEOLOGIA _PP35 _0COMPRA _o.STAFF. Colección General |
||
| 994 |
_aC0 _bPEPRU |
||
| 596 | _a1 | ||
| 999 |
_a239 G34 1997 _wDEWEY _c33802 _i53050 _d33802 _e2017-5-4 _f2021-11-10 _g5 _lCCODEBUL1 _mBUL _n1 _p13.00 _q1 _r0 _sY _tBOOK _u2015-6-24 _xTEOLOGIA _PP35 _0COMPRA _o.STAFF. Colección Teología |
||
| 980 |
_81 _gALBERTO SANCHEZ Responsable de Automatización |
||